000 00505nam a2200181Ia 4500
003 IN-BaIIA
008 211028s9999 xx 000 0 eng d
040 _cIIA Library
080 _a621.317
_bHAR
100 _aHarris, Forest K
_98199
245 0 _aElectrical measurements
_cForest K. Harris
260 _aNew Delhi
_bWiley Eastern
_c1968
300 _axiii, 784p.
650 _a Electrical engineering 
_98200
650 _a Electrical measurements
_98201
650 _aNASA Thesaurus 
942 _cBK
999 _c4636
_d4636